Advanced engineering mathematics (Record no. 12665)
[ view plain ]
| 000 -LEADER | |
|---|---|
| fixed length control field | 00394nam a22001577a 4500 |
| 020 ## - INTERNATIONAL STANDARD BOOK NUMBER | |
| International Standard Book Number | 9780230275485 |
| 082 ## - DEWEY DECIMAL CLASSIFICATION NUMBER | |
| Classification number | 510.2462 STR |
| 100 ## - MAIN ENTRY--PERSONAL NAME | |
| Personal name | Stroud, K. A. |
| 245 ## - TITLE STATEMENT | |
| Title | Advanced engineering mathematics |
| 250 ## - EDITION STATEMENT | |
| Edition statement | 5th ed. |
| 260 ## - PUBLICATION, DISTRIBUTION, ETC. | |
| Place of publication, distribution, etc. | United Kingdom |
| Name of publisher, distributor, etc. | Macmillan |
| Date of publication, distribution, etc. | 2011 |
| 300 ## - PHYSICAL DESCRIPTION | |
| Extent | xxiv, 1111 p. |
| Other physical details | ill. ; |
| 500 ## - GENERAL NOTE | |
| General note | Includes index. |
| 650 ## - SUBJECT ADDED ENTRY--TOPICAL TERM | |
| Topical term or geographic name entry element | Engineering mathematics. |
| 942 ## - ADDED ENTRY ELEMENTS (KOHA) | |
| Koha item type | Book |
| Withdrawn status | Lost status | Damaged status | Not for loan | Collection code | Permanent Location | Current Location | Shelving location | Date acquired | Source of acquisition | Cost, normal purchase price | Total Checkouts | Total Renewals | Full call number | Barcode | Date last seen | Date last checked out | Price effective from | Koha item type |
|---|---|---|---|---|---|---|---|---|---|---|---|---|---|---|---|---|---|---|
| Central Library (CL) | Central Library (CL) | General Stacks | 12/27/2013 | Allied Book Company | 6039.17 | 1 | 1 | 510.2462 STR | SEECS012944 | 02/21/2015 | 09/09/2014 | 01/15/2014 | Book |
